Stellantis - les 14 marques du groupes - Statistiques

Statistiques générales
  • Ce quiz a été pris 75 fois
  • Le résultat moyen est 8 sur 14
Statistiques - réponses
Type de quiz Marque % Correct
Marques européennes Peugeot
96%
Marques européennes Citroen
92%
Marques européennes Fiat
85%
Premium DS Automobiles
78%
Marques européennes Opel
69%
Marques américaines Chrysler
60%
Marques américaines Dodge
58%
Premium Alfa Romeo
54%
Global Sport Utility Jeep
53%
Luxe Maserati
53%
Premium Lancia
46%
Marques américaines RAM
39%
Marques européennes Abarth
31%
Marques européennes Vauxhall
31%
Aucun quiz correspondant
Distribution des résultats
% des personnes avec chaque résultat
Percentile par nombre de réponses
Votre historique - résultats
Vous n’avez pas pris ce quiz